000 00436nam a22001817a 4500
003 CEME
005 20210628210722.0
008 210211b xxu||||| |||| 00| 0 eng d
020 _a0-672-31796-6
040 _c.
082 _a005.133 MOH
100 _aMohnike, charies
_980683
245 _aMeach yourself coldfusion in 21 days
260 _aUSA
_bSAMS
_c2000
300 _a800P
650 _aCOLDFUSION
_980684
942 _cBK
_2ddc
999 _c585582
_d585582